Statistics for Tolkien Region Spotlight - Numenor

Click here to take the quiz!

General Stats

  • This quiz has been taken 51 times
    (37 since last reset)
  • The average score is 28 of 40

Answer Stats

Answer% Correct
Elros Tar-Minyatur
96%
{West}-land
96%
Edain
91%
Elenna | Westernesse | Andor | Numenore | Anadune
91%
Meneltarma
91%
Elendil
87%
Tar-Elendil
87%
The Faithful
87%
Adunaic
83%
Tar-Palantir
83%
{Andu}star
78%
Atlantis
78%
{Foro}star
78%
King's Men
78%
White Tree of {Nimloth}
78%
Armenelos
74%
Ar-Pharazon
74%
{Black} Numenoreans
74%
Mallorn
74%
Tar-Ancalime
74%
Akallabeth
70%
Andunie
70%
Ar-Adunakhor
70%
Pelargir
70%
Aldarion
65%
Amandil
65%
Romenna
65%
Silmarien
65%
Umbar
65%
Eonwe
61%
Erendis
61%
{Hyarro}star
61%
Mittalmar
57%
{Orro}star
57%
Ar-Gimilzor
52%
{Hyarnu}star
48%
Tar-Atanamir
48%
Tar-Minastir
48%
Great {Armament}
35%
Guild of {Venturers}
30%

Score Distribution

Percentile by Number Answered

Percent of People with Each Score

Your Score History

You have not taken this quiz since the last reset